| 000 | 00916nam a2200217Ia 4500 | ||
|---|---|---|---|
| 003 | OSt | ||
| 005 | 20211125120844.0 | ||
| 008 | 210310s1987 ck gr 000 0 spa d | ||
| 040 |
_aCO-JMCR _cCO-JMCR |
||
| 041 | 0 | _aspa | |
| 082 | 0 | 4 |
_a336.2713 / _bM292c _223 |
| 100 | 1 |
_aMantilla Villegas, Celmira _eautor _929117 |
|
| 245 | 1 | 3 |
_aLa cesión del impuesto a las ventas en Colombia y su incidencia en la descentralización municipal / _cCelmira Mantilla Vargas |
| 260 |
_aBogotá : _bUniversidad Externado de Colombia, _c1987. |
||
| 300 |
_a167 páginas : _c27 cm. |
||
| 505 | 0 | _aFinanzas del sector público colombiano. -- El impuesto a las ventas en Colombia. -- Estructura fiscal regional. -- Transferencia a los fiscos regionales. | |
| 650 | 1 | 4 |
_aImpuesto sobre la renta _zColombia _929119 |
| 650 | 2 | 4 |
_aSector público _zColombia _941682 |
| 650 | 2 | 4 |
_aImpuesto a las ventas _zColombia _941683 |
| 942 |
_2ddc _cBK |
||
| 999 |
_c12751 _d12751 |
||